La sexualité dans l'univers / (Record no. 129427)

MARC details
000 -LEADER
campo de control de longitud fija 00705nam a2200217 i 4500
001 - NÚMERO DE CONTROL
campo de control 129427
003 - IDENTIFICADOR DE NÚMERO DE CONTROL
campo de control ES-MaACL
005 - FECHA Y HORA DE LA ÚLTIMA TRANSACCIÓN
campo de control 20230906193511.0
007 - CAMPO FIJO DE DESCRIPCIÓN FÍSICA--INFORMACIÓN GENERAL
campo de control de longitud fija t|
008 - DATOS DE LONGITUD FIJA--INFORMACIÓN GENERAL
campo de control de longitud fija 070614s1933 fr ||||1| fre d
100 1# - ENTRADA PRINCIPAL--NOMBRE DE PERSONA
Nombre de persona Thesing, Curt.
9 (RLIN) 109910
245 13 - MENCIÓN DEL TÍTULO
Título La sexualité dans l'univers /
Mención de responsabilidad, etc. Curt Thesing ; traduction originale de l'allemand par Decourdemanche.
260 ## - PUBLICACIÓN, DISTRIBUCIÓN, ETC.
Lugar de publicación, distribución, etc. Paris :
Nombre del editor, distribuidor, etc. Montaigne,
Fecha de publicación, distribución, etc. [1933] (
Fabricante Chautenay)
300 ## - DESCRIPCIÓN FÍSICA
Extensión 233 p. ;
Dimensiones 19 cm.
490 1# - MENCIÓN DE SERIE
Mención de serie Collection d'études sexologiques
650 #4 - PUNTO DE ACCESO ADICIONAL DE MATERIA--TÉRMINO DE MATERIA
Término de materia o nombre geográfico como elemento de entrada Sexualidad.
9 (RLIN) 17078
700 1# - ENTRADA AGREGADA--NOMBRE PERSONAL
Nombre de persona Decour, Jacques (
Fechas asociadas al nombre 1910-1942)
9 (RLIN) 164385
830 0# - PUNTO DE ACCESO ADICIONAL DE SERIE-TÍTULO UNIFORME
Título uniforme Collection d'études sexologiques
9 (RLIN) 219340
852 ## - LOCALIZACIÓN
Ubicación ES-MaACL
Número de control de estantería A-2727
Holdings
Estatus retirado Estado de pérdida Estado de daño No para préstamo Biblioteca de origen Biblioteca actual Ubicación en estantería Fecha de adquisición Fuente de adquisición Total de préstamos Signatura topográfica completa Código de barras Visto por última vez Precio de reemplazo Tipo de ítem Koha
        Biblioteca del Ateneo de Madrid Biblioteca del Ateneo de Madrid Sala Pecera Planta 1 17/01/2008     A-2727 1134780 23/02/2023 23/02/2023 Libro impreso